| 000 | 00983nam a22001937a 4500 | ||
|---|---|---|---|
| 003 | AM-YeHGA | ||
| 005 | 20250617153834.0 | ||
| 008 | 180206s1901 ru ||||| |||| 00| 0 rus d | ||
| 040 | _aAM-YeHGA | ||
| 041 | 0 | _arus | |
| 100 | 1 | _aСмоленский, Степан Васильевич | |
| 245 | 1 | 0 |
_aО древнерусских певческих нотациях : _bИсторико-палеографический очерк : Чит. в О-ве любителей древ. письменности 26 янв. 1901 года / _cСт. Смоленский |
| 260 |
_a[Санкт-Петербург] : _bОЛДП [О-во любителей древ. письменности] , _c1901. |
||
| 300 |
_a[2], 120 с. , _bил., нот. : _c26 см |
||
| 440 | 0 |
_aПамятники древней письменности и искусства ; _v145 |
|
| 650 | 1 | 4 |
_aПалеография _xДревняя русская история |
| 942 |
_2udc _cBK |
||
| 090 | _c401374 | ||
| 999 |
_c399223 _d399223 |
||